Emerging markets : (Record no. 6086)

MARC details
000 -LEADER
fixed length control field 01058cam a2200277 a 4500
001 - CONTROL NUMBER
control field 15729628
005 - DATE AND TIME OF LATEST TRANSACTION
control field 20250214131859.0
008 - FIXED-LENGTH DATA ELEMENTS--GENERAL INFORMATION
fixed length control field 090508s2010 flua b 001 0 eng
010 ## - LIBRARY OF CONGRESS CONTROL NUMBER
LC control number 2009018855
020 ## - INTERNATIONAL STANDARD BOOK NUMBER
International Standard Book Number 9781439804483 (hardcover : alk. paper)
020 ## - INTERNATIONAL STANDARD BOOK NUMBER
International Standard Book Number 1439804486 (hardcover : alk. paper)
035 ## - SYSTEM CONTROL NUMBER
System control number (OCoLC)ocn277196110
040 ## - CATALOGING SOURCE
Original cataloging agency DLC
Transcribing agency DLC
Modifying agency BTCTA
-- CDX
-- C#P
-- BWX
-- DLC
043 ## - GEOGRAPHIC AREA CODE
Geographic area code d------
082 00 - DEWEY DECIMAL CLASSIFICATION NUMBER
Classification number 332.64
Edition number 22
Item number EME
245 00 - TITLE STATEMENT
Title Emerging markets :
Remainder of title performance, analysis and innovation /
Statement of responsibility, etc. Edited by Greg N. Gregoriou.
260 ## - PUBLICATION, DISTRIBUTION, ETC.
Place of publication, distribution, etc. Boca Raton :
Name of publisher, distributor, etc. CRC Press,
Date of publication, distribution, etc. c2010.
300 ## - PHYSICAL DESCRIPTION
Extent xl, 828 p. :
Other physical details ill. ;
Dimensions 25 cm.
490 1# - SERIES STATEMENT
Series statement Chapman & Hall/CRC finance series
504 ## - BIBLIOGRAPHY, ETC. NOTE
Bibliography, etc. note Includes bibliographical references and index.
700 1# - ADDED ENTRY--PERSONAL NAME
Personal name Gregoriou, Greg N.,
Dates associated with a name 1956-
9 (RLIN) 14068
830 #0 - SERIES ADDED ENTRY--UNIFORM TITLE
Uniform title Chapman & Hall/CRC finance series.
9 (RLIN) 14069
906 ## - LOCAL DATA ELEMENT F, LDF (RLIN)
a 7
b cbc
c orignew
d 1
e ecip
f 20
g y-gencatlg
942 ## - ADDED ENTRY ELEMENTS (KOHA)
Source of classification or shelving scheme Dewey Decimal Classification
Koha item type Books
Holdings
Withdrawn status Lost status Source of classification or shelving scheme Damaged status Not for loan Home library Current library Shelving location Date acquired Total Checkouts Full call number Barcode Date last seen Price effective from Koha item type
    Dewey Decimal Classification     Main Library Main Library Open Shelves 02/14/2025   332.64 EME 2025-0714 02/14/2025 02/14/2025 Books
    Dewey Decimal Classification     Main Library Main Library Open Shelves 02/14/2025   332.64 EME 2025-0715 02/14/2025 02/14/2025 Books
    Dewey Decimal Classification     Main Library Main Library Open Shelves 02/14/2025   332.64 EME 2025-0716 02/14/2025 02/14/2025 Books

Lira University Library | Lira University P.O Box 1035 Lira, Uganda
Tel : +256471660489 E-mail : library@lirauni.ac.ug